000 01293nam a22002777a 4500
005 20170124103134.0
010 _aB-085486
020 _c175.00
035 _aB-085486
037 _bCen Lib/Ret
040 _aDPL
_bHN
082 _a371.3078
_bमंगल
100 _aमंगल, एस.के.
_973
245 _aशैक्षिक तकनीकी के मूल तत्व एवं प्रबन्धन /
_cएस.के.मंगल [और] सुभ्रा मंगल
246 _aShaishik takniki ke mool tatv ewam prabnadhan /
_bby S.K.Mangal [aur] Shubhra Mangal
260 _bइंटरनेशनल पब्लिशिंग हाउस
_c2005
_aमेरठ
270 _aकालिज रोड
_bमेरठ
_e250001
300 _ax,344पृ.
_c22सेमी(सजिल्द)
500 _aसंदर्भ शामिल
650 _aशिक्षण-अधिगम -- प्रबंधन
_984872
650 _aशिक्षण-अधिगम -- संगठन
_984873
650 _aThe teaching-learning - Management
_984874
650 _aThe teaching-learning organization
_984875
700 _aमंगल, सुभ्रा
_984876
942 _2ddc
_cHN
_h371.3078
_mमंगल
999 _c119433
_d119433